[Event "Rhein Main op-A 21st"]
[Site "Bad Homburg"]
[Date "2018.05.30"]
[Round "1"]
[White "Romero Flores, Cesar Antonio"]
[Black "Lorscheid, Gerhard"]
[Result "0-1"]
[WhiteElo "1924"]
[BlackElo "2200"]
[PlyCount "66"]
[EventDate "2018.05.30"]
[EventType "swiss"]
[EventRounds "7"]
[EventCountry "GER"]
[SourceTitle "EXT 2019"]
[Source "ChessBase"]
[SourceDate "2018.10.10"]
[SourceVersion "1"]
[SourceVersionDate "2018.10.10"]
[SourceQuality "1"]

1. Nf3 d6 2. c4 g6 3. Nc3 c5 4. d4 cxd4 5. Nxd4 Bg7 6. e4 Nc6 7. Be3 Nf6 8. Be2 0-0 9. 0-0 Bd7 10. Rb1 Nxd4 11. Bxd4 Bc6 12. f3 a5 13. b3 Nd7 14. Bxg7 Kxg7 15. Qd4+ Kg8 16. Rfd1 Qb6 17. Qxb6 Nxb6 18. Nd5 Bxd5 19. cxd5 Rfc8 20. Rdc1 Kg7 21. Kf2 f5 22. Ke3 Kf6 23. Kd4 f4 24. Bc4 Rc7 25. Rc3 Rac8 26. Rbc1 Nd7 27. Bb5 Nc5 28. Rc4 g5 29. Re1 e5+ 30. dxe6 Nxe6+ 31. Kd5 Rxc4 32. e5+ dxe5 33. Bxc4 Rd8+ 0-1

[Event "Hessen-chA"]
[Site "Frankfurt"]
[Date "2018.05.13"]
[Round "7"]
[White "Sever, Mustafa Batuhan"]
[Black "Romero Flores, Cesar Antonio"]
[Result "1-0"]
[WhiteElo "1960"]
[BlackElo "1964"]
[PlyCount "87"]
[EventDate "2018.05.10"]
[EventType "swiss"]
[EventRounds "7"]
[EventCountry "GER"]
[SourceTitle "EXT 2019"]
[Source "ChessBase"]
[SourceDate "2018.10.10"]
[SourceVersion "1"]
[SourceVersionDate "2018.10.10"]
[SourceQuality "1"]

1. e4 c5 2. Nf3 Nc6 3. d4 cxd4 4. Nxd4 g6 5. Nc3 Bg7 6. Nde2 Nf6 7. g3 0-0 8. Bg2 a5 9. a4 Nb4 10. Nd5 Nfxd5 11. exd5 d6 12. c3 Na6 13. Nd4 Bd7 14. 0-0 Nc5 15. Ra3 Re8 16. Re1 Qb6 17. b3 Rac8 18. Be3 Qc7 19. c4 Qb8 20. h3 Na6 21. Ne2 Nb4 22. Bd4 e5 23. dxe6 Rxe6 24. Bxg7 Kxg7 25. Nf4 Rxe1+ 26. Qxe1 Bc6 27. Ra1 Kg8 28. Rd1 Rd8 29. h4 h5 30. Bxc6 bxc6 31. Qe7 d5 32. Qg5 Kh7 33. Qe7 Kg8 34. Qg5 Kh7 35. g4 Rg8 36. Re1 Qd8 37. Re7 Rg7 38. Ne6 Qxe7 39. Qxe7 fxe6 40. Qc5 e5 41. Qxa5 Rb7 42. Qa8 Rd7 43. Qc8 Re7 44. Qb8 1-0